<?xml version="1.0" encoding="UTF-8"?>
<record
    xmlns:xsi="http://www.w3.org/2001/XMLSchema-instance"
    xsi:schemaLocation="http://www.loc.gov/MARC21/slim http://www.loc.gov/standards/marcxml/schema/MARC21slim.xsd"
    xmlns="http://www.loc.gov/MARC21/slim">

  <leader>01152cam a22003135a 4500</leader>
  <controlfield tag="005">20161127100654.0</controlfield>
  <controlfield tag="007">ta</controlfield>
  <controlfield tag="008">120621r2011    p  a|||| |||| 001 0 eng d</controlfield>
  <datafield tag="010" ind1=" " ind2=" ">
    <subfield code="a">2004557613</subfield>
  </datafield>
  <datafield tag="020" ind1=" " ind2=" ">
    <subfield code="a">9781609139988</subfield>
  </datafield>
  <datafield tag="040" ind1=" " ind2=" ">
    <subfield code="a">EG-ScBUE </subfield>
    <subfield code="b">eng</subfield>
    <subfield code="d">EG-ScBUE </subfield>
  </datafield>
  <datafield tag="082" ind1="0" ind2="4">
    <subfield code="a">612.015</subfield>
    <subfield code="b">HAR</subfield>
    <subfield code="2">22</subfield>
  </datafield>
  <datafield tag="100" ind1="1" ind2=" ">
    <subfield code="a">Harvey, Richard A.,</subfield>
    <subfield code="9">30034</subfield>
    <subfield code="c">Ph. D.</subfield>
  </datafield>
  <datafield tag="245" ind1="1" ind2="0">
    <subfield code="a">Lippincott's illustrated reviews :</subfield>
    <subfield code="b">biochemistry /</subfield>
    <subfield code="c">Richard A. Harvey, Denise R. Ferrier.</subfield>
  </datafield>
  <datafield tag="250" ind1=" " ind2=" ">
    <subfield code="a">5th ed.</subfield>
  </datafield>
  <datafield tag="260" ind1=" " ind2=" ">
    <subfield code="a">Philadelphia :</subfield>
    <subfield code="b">Wolters Kluwer : </subfield>
    <subfield code="b">Lippincott Williams &amp; Wilkins,</subfield>
    <subfield code="c">2011.</subfield>
  </datafield>
  <datafield tag="300" ind1=" " ind2=" ">
    <subfield code="a">520 p. :</subfield>
    <subfield code="b">ill. (col) ;</subfield>
    <subfield code="c">28 cm.</subfield>
  </datafield>
  <datafield tag="440" ind1=" " ind2="0">
    <subfield code="a">Lippincotts' illustrated reviews</subfield>
    <subfield code="9">30184</subfield>
  </datafield>
  <datafield tag="500" ind1=" " ind2=" ">
    <subfield code="a">Index : p. 489-520.</subfield>
  </datafield>
  <datafield tag="590" ind1=" " ind2=" ">
    <subfield code="a">Doha</subfield>
  </datafield>
  <datafield tag="650" ind1=" " ind2="0">
    <subfield code="a">Biochemistry</subfield>
    <subfield code="v">Outlines, syllabi, etc.</subfield>
    <subfield code="9">30185</subfield>
    <subfield code="2">BUEsh</subfield>
  </datafield>
  <datafield tag="650" ind1=" " ind2="0">
    <subfield code="a">Biochemistry</subfield>
    <subfield code="v">Examinations, questions, etc.</subfield>
    <subfield code="9">30186</subfield>
    <subfield code="2">BUEsh</subfield>
  </datafield>
  <datafield tag="650" ind1=" " ind2="0">
    <subfield code="a">Clinical biochemistry</subfield>
    <subfield code="v">Outlines, syllabi, etc.</subfield>
    <subfield code="9">30187</subfield>
    <subfield code="2">BUEsh</subfield>
  </datafield>
  <datafield tag="650" ind1=" " ind2="0">
    <subfield code="a">Clinical biochemistry</subfield>
    <subfield code="v">Examinations, questions, etc.</subfield>
    <subfield code="9">30188</subfield>
    <subfield code="2">BUEsh</subfield>
  </datafield>
  <datafield tag="651" ind1=" " ind2=" ">
    <subfield code="2">BUEsh</subfield>
  </datafield>
  <datafield tag="653" ind1=" " ind2=" ">
    <subfield code="c">August2015</subfield>
    <subfield code="b">DDent</subfield>
    <subfield code="b">PPhrm</subfield>
    <subfield code="b">NNUR</subfield>
  </datafield>
  <datafield tag="700" ind1="1" ind2=" ">
    <subfield code="a">Ferrier, Denise R.</subfield>
    <subfield code="9">30039</subfield>
  </datafield>
  <datafield tag="942" ind1=" " ind2=" ">
    <subfield code="c">NRB</subfield>
    <subfield code="2">ddc</subfield>
  </datafield>
  <datafield tag="999" ind1=" " ind2=" ">
    <subfield code="c">16782</subfield>
    <subfield code="d">16782</subfield>
  </datafield>
  <datafield tag="952" ind1=" " ind2=" ">
    <subfield code="0">0</subfield>
    <subfield code="1">0</subfield>
    <subfield code="2">ddc</subfield>
    <subfield code="4">0</subfield>
    <subfield code="7">0</subfield>
    <subfield code="8">Baccah</subfield>
    <subfield code="a">MAIN</subfield>
    <subfield code="b">MAIN</subfield>
    <subfield code="c">1ST</subfield>
    <subfield code="d">2012-06-06</subfield>
    <subfield code="e">Purchase</subfield>
    <subfield code="g">110.00</subfield>
    <subfield code="h">15252</subfield>
    <subfield code="l">10</subfield>
    <subfield code="m">67</subfield>
    <subfield code="o">612.015 HAR</subfield>
    <subfield code="p">000026795</subfield>
    <subfield code="r">2025-07-15 00:00:00</subfield>
    <subfield code="s">2021-10-12</subfield>
    <subfield code="v">137.50</subfield>
    <subfield code="y">BB</subfield>
  </datafield>
  <datafield tag="952" ind1=" " ind2=" ">
    <subfield code="0">0</subfield>
    <subfield code="1">0</subfield>
    <subfield code="2">ddc</subfield>
    <subfield code="4">0</subfield>
    <subfield code="7">0</subfield>
    <subfield code="8">Donation-G</subfield>
    <subfield code="a">MAIN</subfield>
    <subfield code="b">MAIN</subfield>
    <subfield code="c">1ST</subfield>
    <subfield code="d">2012-06-06</subfield>
    <subfield code="e">Purchase</subfield>
    <subfield code="g">110.00</subfield>
    <subfield code="h">15252</subfield>
    <subfield code="l">8</subfield>
    <subfield code="m">120</subfield>
    <subfield code="o">612.015 HAR</subfield>
    <subfield code="p">000026796</subfield>
    <subfield code="r">2025-07-15 00:00:00</subfield>
    <subfield code="s">2017-10-19</subfield>
    <subfield code="v">137.50</subfield>
    <subfield code="y">BB</subfield>
  </datafield>
  <datafield tag="952" ind1=" " ind2=" ">
    <subfield code="0">0</subfield>
    <subfield code="1">0</subfield>
    <subfield code="2">ddc</subfield>
    <subfield code="4">0</subfield>
    <subfield code="7">0</subfield>
    <subfield code="8">Donation-G</subfield>
    <subfield code="a">MAIN</subfield>
    <subfield code="b">MAIN</subfield>
    <subfield code="c">1ST</subfield>
    <subfield code="d">2012-06-21</subfield>
    <subfield code="e">Purchase</subfield>
    <subfield code="g">110.00</subfield>
    <subfield code="l">3</subfield>
    <subfield code="m">1</subfield>
    <subfield code="o">612.015 HAR</subfield>
    <subfield code="p">000026862</subfield>
    <subfield code="r">2025-07-15 00:00:00</subfield>
    <subfield code="s">2014-09-21</subfield>
    <subfield code="v">137.50</subfield>
    <subfield code="y">BB</subfield>
  </datafield>
  <datafield tag="952" ind1=" " ind2=" ">
    <subfield code="0">0</subfield>
    <subfield code="1">0</subfield>
    <subfield code="2">ddc</subfield>
    <subfield code="4">0</subfield>
    <subfield code="7">0</subfield>
    <subfield code="8">Donation-G</subfield>
    <subfield code="a">MAIN</subfield>
    <subfield code="b">MAIN</subfield>
    <subfield code="c">1ST</subfield>
    <subfield code="d">2012-06-21</subfield>
    <subfield code="e">Purchase</subfield>
    <subfield code="g">110.00</subfield>
    <subfield code="l">8</subfield>
    <subfield code="m">27</subfield>
    <subfield code="o">612.015 HAR</subfield>
    <subfield code="p">000026861</subfield>
    <subfield code="r">2025-07-15 00:00:00</subfield>
    <subfield code="s">2016-10-09</subfield>
    <subfield code="v">137.50</subfield>
    <subfield code="y">BB</subfield>
  </datafield>
  <datafield tag="952" ind1=" " ind2=" ">
    <subfield code="0">0</subfield>
    <subfield code="1">0</subfield>
    <subfield code="2">ddc</subfield>
    <subfield code="4">0</subfield>
    <subfield code="7">0</subfield>
    <subfield code="8">Baccah</subfield>
    <subfield code="a">MAIN</subfield>
    <subfield code="b">MAIN</subfield>
    <subfield code="c">1ST</subfield>
    <subfield code="d">2012-09-26</subfield>
    <subfield code="e">Purchase</subfield>
    <subfield code="g">110.00</subfield>
    <subfield code="h">3</subfield>
    <subfield code="l">3</subfield>
    <subfield code="o">612.015 HAR</subfield>
    <subfield code="p">000027408</subfield>
    <subfield code="r">2025-07-15 00:00:00</subfield>
    <subfield code="s">2012-10-08</subfield>
    <subfield code="v">137.50</subfield>
    <subfield code="y">NB</subfield>
  </datafield>
  <datafield tag="952" ind1=" " ind2=" ">
    <subfield code="0">0</subfield>
    <subfield code="1">0</subfield>
    <subfield code="2">ddc</subfield>
    <subfield code="4">0</subfield>
    <subfield code="7">0</subfield>
    <subfield code="8">Baccah</subfield>
    <subfield code="a">MAIN</subfield>
    <subfield code="b">MAIN</subfield>
    <subfield code="c">1ST</subfield>
    <subfield code="d">2012-09-26</subfield>
    <subfield code="e">Purchase</subfield>
    <subfield code="g">110.00</subfield>
    <subfield code="h">3</subfield>
    <subfield code="l">9</subfield>
    <subfield code="m">66</subfield>
    <subfield code="o">612.015 HAR</subfield>
    <subfield code="p">000027409</subfield>
    <subfield code="q">2026-01-29</subfield>
    <subfield code="r">2025-10-13 00:00:00</subfield>
    <subfield code="s">2025-10-13</subfield>
    <subfield code="v">137.50</subfield>
    <subfield code="y">BB</subfield>
  </datafield>
  <datafield tag="952" ind1=" " ind2=" ">
    <subfield code="0">0</subfield>
    <subfield code="1">0</subfield>
    <subfield code="2">ddc</subfield>
    <subfield code="4">0</subfield>
    <subfield code="7">0</subfield>
    <subfield code="8">Baccah</subfield>
    <subfield code="a">MAIN</subfield>
    <subfield code="b">MAIN</subfield>
    <subfield code="c">1ST</subfield>
    <subfield code="d">2012-09-26</subfield>
    <subfield code="e">Purchase</subfield>
    <subfield code="g">110.00</subfield>
    <subfield code="h">3</subfield>
    <subfield code="l">5</subfield>
    <subfield code="m">21</subfield>
    <subfield code="o">612.015 HAR</subfield>
    <subfield code="p">000027410</subfield>
    <subfield code="q">2020-03-14</subfield>
    <subfield code="r">2013-03-21 00:00:00</subfield>
    <subfield code="s">2013-03-21</subfield>
    <subfield code="v">137.50</subfield>
    <subfield code="y">BB</subfield>
  </datafield>
  <datafield tag="952" ind1=" " ind2=" ">
    <subfield code="0">0</subfield>
    <subfield code="1">0</subfield>
    <subfield code="2">ddc</subfield>
    <subfield code="4">0</subfield>
    <subfield code="7">0</subfield>
    <subfield code="8">Baccah</subfield>
    <subfield code="a">MAIN</subfield>
    <subfield code="b">MAIN</subfield>
    <subfield code="c">1ST</subfield>
    <subfield code="d">2012-09-26</subfield>
    <subfield code="e">Purchase</subfield>
    <subfield code="g">110.00</subfield>
    <subfield code="h">3</subfield>
    <subfield code="l">6</subfield>
    <subfield code="m">4</subfield>
    <subfield code="o">612.015 HAR</subfield>
    <subfield code="p">000027411</subfield>
    <subfield code="r">2025-07-15 00:00:00</subfield>
    <subfield code="s">2016-10-24</subfield>
    <subfield code="v">137.50</subfield>
    <subfield code="y">BB</subfield>
  </datafield>
  <datafield tag="952" ind1=" " ind2=" ">
    <subfield code="0">0</subfield>
    <subfield code="1">0</subfield>
    <subfield code="2">ddc</subfield>
    <subfield code="4">0</subfield>
    <subfield code="7">0</subfield>
    <subfield code="8">Baccah</subfield>
    <subfield code="a">MAIN</subfield>
    <subfield code="b">MAIN</subfield>
    <subfield code="c">1ST</subfield>
    <subfield code="d">2012-09-26</subfield>
    <subfield code="e">Purchase</subfield>
    <subfield code="g">110.00</subfield>
    <subfield code="h">3</subfield>
    <subfield code="l">6</subfield>
    <subfield code="m">27</subfield>
    <subfield code="o">612.015 HAR</subfield>
    <subfield code="p">000027412</subfield>
    <subfield code="r">2025-07-15 00:00:00</subfield>
    <subfield code="s">2017-10-09</subfield>
    <subfield code="v">137.50</subfield>
    <subfield code="y">BB</subfield>
  </datafield>
  <datafield tag="952" ind1=" " ind2=" ">
    <subfield code="0">0</subfield>
    <subfield code="1">0</subfield>
    <subfield code="2">ddc</subfield>
    <subfield code="4">0</subfield>
    <subfield code="7">0</subfield>
    <subfield code="8">Baccah</subfield>
    <subfield code="a">MAIN</subfield>
    <subfield code="b">MAIN</subfield>
    <subfield code="c">1ST</subfield>
    <subfield code="d">2012-09-26</subfield>
    <subfield code="e">Purchase</subfield>
    <subfield code="g">110.00</subfield>
    <subfield code="h">3</subfield>
    <subfield code="l">6</subfield>
    <subfield code="m">13</subfield>
    <subfield code="o">612.015 HAR</subfield>
    <subfield code="p">000027413</subfield>
    <subfield code="r">2025-10-14 00:00:00</subfield>
    <subfield code="s">2025-10-13</subfield>
    <subfield code="v">137.50</subfield>
    <subfield code="y">BB</subfield>
  </datafield>
  <datafield tag="952" ind1=" " ind2=" ">
    <subfield code="0">0</subfield>
    <subfield code="1">0</subfield>
    <subfield code="2">ddc</subfield>
    <subfield code="4">0</subfield>
    <subfield code="7">0</subfield>
    <subfield code="8">Baccah</subfield>
    <subfield code="a">MAIN</subfield>
    <subfield code="b">MAIN</subfield>
    <subfield code="c">1ST</subfield>
    <subfield code="d">2012-09-26</subfield>
    <subfield code="e">Purchase</subfield>
    <subfield code="g">110.00</subfield>
    <subfield code="h">3</subfield>
    <subfield code="l">8</subfield>
    <subfield code="m">29</subfield>
    <subfield code="o">612.015 HAR</subfield>
    <subfield code="p">000027414</subfield>
    <subfield code="r">2025-11-15 00:00:00</subfield>
    <subfield code="s">2025-09-30</subfield>
    <subfield code="v">137.50</subfield>
    <subfield code="y">BB</subfield>
  </datafield>
  <datafield tag="952" ind1=" " ind2=" ">
    <subfield code="0">0</subfield>
    <subfield code="1">0</subfield>
    <subfield code="2">ddc</subfield>
    <subfield code="4">0</subfield>
    <subfield code="7">0</subfield>
    <subfield code="8">Baccah</subfield>
    <subfield code="a">MAIN</subfield>
    <subfield code="b">MAIN</subfield>
    <subfield code="c">1ST</subfield>
    <subfield code="d">2012-09-26</subfield>
    <subfield code="e">Purchase</subfield>
    <subfield code="g">110.00</subfield>
    <subfield code="h">3</subfield>
    <subfield code="l">5</subfield>
    <subfield code="m">13</subfield>
    <subfield code="o">612.015 HAR</subfield>
    <subfield code="p">000027415</subfield>
    <subfield code="r">2025-07-15 00:00:00</subfield>
    <subfield code="s">2016-10-13</subfield>
    <subfield code="v">137.50</subfield>
    <subfield code="y">BB</subfield>
  </datafield>
</record>
